[Event "Troisdorf op"]
[Site "Troisdorf"]
[Date "2006.11.14"]
[Round "4"]
[White "Froehling, Ewald"]
[Black "Raabe, Joachim"]
[Result "0-1"]
[WhiteElo "1527"]
[BlackElo "1920"]
[PlyCount "64"]
[EventDate "2006.10.24"]
[EventType "swiss"]
[EventRounds "7"]
[EventCountry "GER"]
[SourceTitle "EXT 2011"]
[Source "ChessBase"]
[SourceDate "2010.11.26"]
[SourceVersion "1"]
[SourceVersionDate "2010.11.26"]
[SourceQuality "1"]

1. e4 c5 2. Nf3 d6 3. d4 cxd4 4. Nxd4 Nf6 5. Nc3 g6 6. f3 Bg7 7. Bc4 0-0 8. Be3 Nc6 9. Qd2 Bd7 10. h4 h5 11. Nxc6 bxc6 12. Bh6 Qb6 13. Bxg7 Kxg7 14. 0-0-0 Rab8 15. Bb3 Be6 16. g4 c5 17. Na4 Qb4 18. c3 Qa5 19. gxh5 Bxb3 20. axb3 Rxb3 21. Kc2 Qxa4 22. Kd3 Qb5+ 23. Ke3 Rxb2 24. Qe1 c4 25. hxg6 Qc5+ 26. Rd4 e5 27. h5 exd4+ 28. cxd4 Rb3+ 29. Kf4 Nxh5+ 30. Kg4 Nf6+ 31. Kg3 Qg5+ 32. Kf2 Rb2+ 0-1

[Event "Leverkusen-ch op"]
[Site "Leverkusen"]
[Date "2005.02.21"]
[Round "5"]
[White "Froehling, Ewald"]
[Black "Depping, Thomas"]
[Result "0-1"]
[WhiteElo "1433"]
[BlackElo "1669"]
[PlyCount "80"]
[EventDate "2005.01.10"]
[EventType "swiss"]
[EventRounds "9"]
[EventCountry "GER"]
[SourceTitle "EXT 2006"]
[Source "ChessBase"]
[SourceDate "2005.11.24"]
[SourceVersion "1"]
[SourceVersionDate "2005.11.24"]
[SourceQuality "1"]

1. e4 c5 2. Nf3 g6 3. g3 Bg7 4. Bg2 Nc6 5. 0-0 d6 6. d3 Bg4 7. c3 Qd7 8. Be3 Nf6 9. Qd2 0-0 10. Bh6 Rfd8 11. Bxg7 Kxg7 12. Re1 e5 13. Na3 Bh3 14. Nc2 Bxg2 15. Kxg2 d5 16. Rad1 d4 17. Qg5 h6 18. Qc1 Qe6 19. c4 Nd7 20. h4 Rf8 21. h5 g5 22. Nh2 f5 23. Qd2 Qf7 24. exf5 Qxf5 25. Re2 g4 26. Rh1 Qxh5 27. Nxg4 Qxg4 28. Qxh6+ Kf7 29. Qh7+ Qg7 30. Qf5+ Ke8 31. Qe6+ Qe7 32. Qg6+ Qf7 33. Qe4 Qf5 34. Qh4 Qf3+ 35. Kf1 Qxd3 36. Qh5+ Kd8 37. Ne1 Qxc4 38. Nf3 Qf7 39. Qh4+ Qf6 40. Qe4 Qxf3 0-1

[Event "Leverkusen-ch op"]
[Site "Leverkusen"]
[Date "2005.02.14"]
[Round "4"]
[White "Ruland, Wolfgang"]
[Black "Froehling, Ewald"]
[Result "0-1"]
[WhiteElo "1561"]
[BlackElo "1433"]
[PlyCount "114"]
[EventDate "2005.01.10"]
[EventType "swiss"]
[EventRounds "9"]
[EventCountry "GER"]
[SourceTitle "EXT 2006"]
[Source "ChessBase"]
[SourceDate "2005.11.24"]
[SourceVersion "1"]
[SourceVersionDate "2005.11.24"]
[SourceQuality "1"]

1. e4 d5 2. exd5 Qxd5 3. Nc3 Qa5 4. Bc4 Nf6 5. Nge2 c6 6. 0-0 Bg4 7. d3 Nbd7 8. Qe1 e6 9. f3 Bf5 10. a3 Qc7 11. Bf4 e5 12. Ng3 Bg6 13. d4 Bd6 14. Bxe5 0-0 15. Bxd6 Qxd6 16. Qd2 Bxc2 17. Rf2 Bg6 18. Re1 Rad8 19. Nce4 Nxe4 20. fxe4 Nb6 21. Bb3 Qxd4 22. Rd1 Qxd2 23. Rfxd2 Rxd2 24. Rxd2 h6 25. Rd4 Re8 26. Bc2 c5 27. Rd6 Re7 28. b3 Rd7 29. Rxd7 Nxd7 30. Kf2 Ne5 31. h3 f6 32. Ne2 Kf7 33. Nc3 Ke6 34. Nb5 a6 35. Nc7+ Kd6 36. Nd5 Nc6 37. Nf4 Bf7 38. Ne2 Ke5 39. Ke3 Na5 40. Nc1 c4 41. b4 Nc6 42. Ne2 b5 43. g3 Bh5 44. Nf4 Bf7 45. Ne2 g6 46. Bb1 Be6 47. Nf4 g5 48. Nxe6 Kxe6 49. Bc2 Ke5 50. Bd1 Nd4 51. g4 c3 52. Kd3 c2 53. Bxc2 Nxc2 54. Kxc2 Kxe4 55. Kc3 f5 56. gxf5 Kxf5 57. Kd4 g4 0-1

[Event "Leverkusen-ch op"]
[Site "Leverkusen"]
[Date "2005.01.17"]
[Round "2"]
[White "Froehling, Ewald"]
[Black "Jankowiak, Frank"]
[Result "0-1"]
[WhiteElo "1423"]
[BlackElo "1748"]
[PlyCount "92"]
[EventDate "2005.01.10"]
[EventType "swiss"]
[EventRounds "9"]
[EventCountry "GER"]
[SourceTitle "EXT 2006"]
[Source "ChessBase"]
[SourceDate "2005.11.24"]
[SourceVersion "1"]
[SourceVersionDate "2005.11.24"]
[SourceQuality "1"]

1. e4 c5 2. Nf3 Nc6 3. d4 cxd4 4. Nxd4 Nf6 5. Nc3 e5 6. Ndb5 d6 7. Bg5 Be7 8. Bxf6 gxf6 9. Nd5 0-0 10. Nxe7+ Qxe7 11. Qxd6 Qxd6 12. Nxd6 Nd4 13. Bd3 Be6 14. Nb5 Nxb5 15. Bxb5 Rac8 16. Bd3 Rfd8 17. f3 Bxa2 18. Rxa2 Rxd3 19. cxd3 Rc1+ 20. Kf2 Rxh1 21. Rxa7 b5 22. Rb7 Rxh2 23. Kg1 Rh5 24. Rxb5 Kf8 25. d4 Ke7 26. d5 f5 27. Rb7+ Kd6 28. Rxf7 fxe4 29. fxe4 Rh4 30. Rf6+ Kd7 31. Rf7+ Kd6 32. Rf6+ Kd7 33. Rf2 Rxe4 34. Rd2 Kd6 35. Kf2 h5 36. Kf3 Rb4 37. Ke3 Rb3+ 38. Ke4 Rb4+ 39. Kd3 Kxd5 40. Ke3+ Ke6 41. Rf2 e4 42. Kf4 Kd5 43. Rd2+ Rd4 44. Re2 Rd1 45. Rxe4 Rf1+ 46. Ke3 Re1+ 0-1